000 00680nam a22002057a 4500
003 0
005 20231107124443.0
008 230906b xxu||||| |||| 00| 0 eng d
020 _a978-1-107-49575-3
050 _aTR IB QC 21.3
_b.T877 2016
100 _aTsokos, K.A
245 _aPhysics for the IB diploma : exam preparation guide
_cK.A. Tsokos
250 _aSecond edition
260 _aCambridge, United Kingdom
_bCambridge University Press
_cc2016.
300 _aviii, 270 pages :
_bcol. ill. ;
_c28 cm.
500 _aPhysics--exam preparation.
504 _aIncludes bibliographical references and index.
690 _aPhysics--exam preparation.
942 _2lcc
_cBK
999 _c365256
_d365256